<?xml version="1.0" encoding="UTF-8"?><?xml-stylesheet type="text/xsl" href="static/style.xsl"?><OAI-PMH xmlns="http://www.openarchives.org/OAI/2.0/" xmlns:xsi="http://www.w3.org/2001/XMLSchema-instance" xsi:schemaLocation="http://www.openarchives.org/OAI/2.0/ http://www.openarchives.org/OAI/2.0/OAI-PMH.xsd"><responseDate>2026-04-27T21:53:20Z</responseDate><request verb="GetRecord" identifier="oai:uvadoc.uva.es:10324/77199" metadataPrefix="marc">https://uvadoc.uva.es/oai/request</request><GetRecord><record><header><identifier>oai:uvadoc.uva.es:10324/77199</identifier><datestamp>2025-09-12T11:31:46Z</datestamp><setSpec>com_10324_38</setSpec><setSpec>col_10324_852</setSpec></header><metadata><record xmlns="http://www.loc.gov/MARC21/slim" xmlns:doc="http://www.lyncode.com/xoai" xmlns:xsi="http://www.w3.org/2001/XMLSchema-instance" xmlns:dcterms="http://purl.org/dc/terms/" xsi:schemaLocation="http://www.loc.gov/MARC21/slim http://www.loc.gov/standards/marcxml/schema/MARC21slim.xsd">
<leader>00925njm 22002777a 4500</leader>
<datafield tag="042" ind1=" " ind2=" ">
<subfield code="a">dc</subfield>
</datafield>
<datafield tag="720" ind1=" " ind2=" ">
<subfield code="a">Bezanilla Cerezal, Rubén</subfield>
<subfield code="e">author</subfield>
</datafield>
<datafield tag="260" ind1=" " ind2=" ">
<subfield code="c">2025</subfield>
</datafield>
<datafield tag="520" ind1=" " ind2=" ">
<subfield code="a">Uno de los servicios más fundamentales y requeridos para la sociedad futura esta &#xd;
suministrado por el sector eléctrico. Por lo tanto, este estudio se enfoca en una de las &#xd;
compañías de este sector que genera electricidad proveniente de energías &#xd;
renovables, como es Audax Renovables S.A. Durante el quinquenio comprendido &#xd;
desde 2020 hasta 2024, basándose en las cuentas individuales anuales, se lleva a cabo &#xd;
una investigación económica-financiera a través de análisis verticales y horizontales, &#xd;
evaluaciones de rentabilidad, junto con un análisis comparativo de la competencia &#xd;
directa de la empresa para lograr unas conclusiones de su funcionamiento durante &#xd;
estos cinco años.</subfield>
</datafield>
<datafield tag="024" ind2=" " ind1="8">
<subfield code="a">https://uvadoc.uva.es/handle/10324/77199</subfield>
</datafield>
<datafield ind1=" " ind2=" " tag="653">
<subfield code="a">Industrias eléctricas - España</subfield>
</datafield>
<datafield ind1=" " ind2=" " tag="653">
<subfield code="a">Energías renovables - España</subfield>
</datafield>
<datafield tag="245" ind1="0" ind2="0">
<subfield code="a">Análisis contable de Audax Renovables S.A</subfield>
</datafield>
</record></metadata></record></GetRecord></OAI-PMH>